Badly described musicals - Statistics

General Stats
  • This quiz has been taken 243 times
  • The average score is 13 of 21
Answer Stats
Hint Answer % Correct
fish girl sells her soul to a scary octapus lady and grows legs, her friend almost gets cooked by a french guy The little mermaid
97%
poor orphan boy steals a magic teapot and creates a fake identity to make a princess fall in love with him Aladdin
89%
abusive head teacher gets bullied by a little girl with magic powers who is very smart Matilda
85%
six dead women sing about their lives Six
85%
a green lady wants to be popular so a random person helps her Wicked
81%
a buch of talking furniture cook dinner for a girl who dances with a furry, they're french Beauty and the beast
79%
the french revolution but with music Les miserables
78%
six women are in jail and start singing about how they killed poeple Chicago
75%
an american girls house flies away and lands on an old lady with nice shoes Wizard of oz
75%
strangly coloured guy goes on a mission to find a shape shifter because a short guy took his swamp Shrek the musical
71%
evil barber make human pies Sweeney todd
70%
a bunch of furrys sing about why they want to go to heaven Cats
68%
an orphan that wants more porridge is thrown out of the orphanage and steals stuff from rich people Oliver
68%
boy breaks up with pretty blond girl so blond girl goes to school and meets a hairdresser that likes irish people Legally blonde
63%
teenagers meet at school, fall in love and start somking Grease
51%
a group of nuns need to inspire a group of teenagers to sing at a choir compatition Sister act
50%
na na na na na na merica West side story
48%
a strage girl falls in love with a guy but she is embarassed by her weird family so she wants them to all act "normal" The addams family
44%
man takes his children on a flying car with a random lady to a place where a man with a big nose takes children Chitty Chitty bang bang
39%
a girl thinks she's gonna live forever but she dies Fame
10%
guy gets sold by his brothers to a rich guy who throws him in jail but he gets saved by a pharoe who had a dream about corn, rainbow coat Joseph and the amazing technicoloured dream coat
2%
No matching quizzes found
Score Distribution
Percent of People with Each Score
Percentile by Number Answered
Your Score History
You have not taken this quiz